000 00538nam a2200157 a 4500
008 120416s1975 ||||||||||||||||| || u
050 _aHC 704 Bet
100 _aBettelheim, Charles
245 1 4 _aThe transition to socialist economy
260 _aSussex
_bHarvest Press
_c1975
300 _a255p.
350 _a0.00
650 0 _aECONOMICS
650 _aECONOMICS--SOCIAL ASPECTS
995 _D0.00
_FCBU-MAIN LIBRARY (Kitwe)
_H1
_I0.00
_M1
_UAVAILABLE
_ZAnnex Low-Usage Collection
999 _c60325
_d60325